1º de Mayo 2023 (Record no. 62769)
[ view plain ]
| 000 -LEADER | |
|---|---|
| campo de control de longitud fija | 01260nam a2200337Ia 4500 |
| 008 - DATOS DE LONGITUD FIJA--INFORMACIÓN GENERAL | |
| campo de control de longitud fija | 250714s2023 sp 000 0 sspa d |
| 041 ## - CÓDIGO DE IDIOMA | |
| Código de lengua del texto/banda sonora o título independiente | spa |
| 111 2# - ENTRADA PRINCIPAL--NOMBRE DE CONGRESO/REUNIÓN | |
| Nombre de congreso/reunión o jurisdicción como elemento de entrada | DIA INTERNACIONAL DE LOS TRABAJADORES |
| Fecha del congreso o de la firma del tratado | 2023 |
| 9 (RLIN) | 41432 |
| 245 00 - MENCIÓN DEL TÍTULO | |
| Título | 1º de Mayo 2023 |
| Resto del título | : subir salarios, bajar precios, repartir beneficios |
| Mención de responsabilidad, etc. | / [CCOO y UGT] |
| 260 ## - PUBLICACIÓN, DISTRIBUCIÓN, ETC. | |
| Lugar de publicación, distribución, etc. | [Sevilla]: |
| Nombre del editor, distribuidor, etc. | CCOO Andalucía: |
| -- | UGT Andalucía, |
| Fecha de publicación, distribución, etc. | [2023] |
| 300 ## - DESCRIPCIÓN FÍSICA | |
| Extensión | [2] p. |
| Dimensiones | 30 cm |
| 500 ## - NOTA GENERAL | |
| Nota general | Manifiesto conjunto CCOO Andalucía y UGT Andalucía del 1º de Mayo de 2023 |
| 650 #0 - PUNTO DE ACCESO ADICIONAL DE MATERIA--TÉRMINO DE MATERIA | |
| Término de materia o nombre geográfico como elemento de entrada | MOVIMIENTO OBRERO |
| 9 (RLIN) | 970 |
| 650 #0 - PUNTO DE ACCESO ADICIONAL DE MATERIA--TÉRMINO DE MATERIA | |
| Término de materia o nombre geográfico como elemento de entrada | DERECHOS DE LOS TRABAJADORES |
| 9 (RLIN) | 4 |
| 650 #0 - PUNTO DE ACCESO ADICIONAL DE MATERIA--TÉRMINO DE MATERIA | |
| Término de materia o nombre geográfico como elemento de entrada | SINDICALISMO |
| 9 (RLIN) | 189 |
| 650 #0 - PUNTO DE ACCESO ADICIONAL DE MATERIA--TÉRMINO DE MATERIA | |
| Término de materia o nombre geográfico como elemento de entrada | SALARIO |
| 9 (RLIN) | 71 |
| 650 #0 - PUNTO DE ACCESO ADICIONAL DE MATERIA--TÉRMINO DE MATERIA | |
| Término de materia o nombre geográfico como elemento de entrada | AUMENTO SALARIAL |
| 9 (RLIN) | 3229 |
| 650 #0 - PUNTO DE ACCESO ADICIONAL DE MATERIA--TÉRMINO DE MATERIA | |
| Término de materia o nombre geográfico como elemento de entrada | NEGOCIACION COLECTIVA |
| 9 (RLIN) | 74 |
| 650 #0 - PUNTO DE ACCESO ADICIONAL DE MATERIA--TÉRMINO DE MATERIA | |
| Término de materia o nombre geográfico como elemento de entrada | SALARIO MINIMO |
| 9 (RLIN) | 746 |
| 650 #0 - PUNTO DE ACCESO ADICIONAL DE MATERIA--TÉRMINO DE MATERIA | |
| Término de materia o nombre geográfico como elemento de entrada | PRESTACIONES POR DESEMPLEO |
| 9 (RLIN) | 63 |
| 650 #0 - PUNTO DE ACCESO ADICIONAL DE MATERIA--TÉRMINO DE MATERIA | |
| Término de materia o nombre geográfico como elemento de entrada | REGIMEN DE PENSIONES |
| 9 (RLIN) | 347 |
| 650 #0 - PUNTO DE ACCESO ADICIONAL DE MATERIA--TÉRMINO DE MATERIA | |
| Término de materia o nombre geográfico como elemento de entrada | DESEMPLEO |
| 9 (RLIN) | 53 |
| 650 #0 - PUNTO DE ACCESO ADICIONAL DE MATERIA--TÉRMINO DE MATERIA | |
| Término de materia o nombre geográfico como elemento de entrada | CONTROL DE LOS PRECIOS |
| 9 (RLIN) | 16692 |
| 650 #0 - PUNTO DE ACCESO ADICIONAL DE MATERIA--TÉRMINO DE MATERIA | |
| Término de materia o nombre geográfico como elemento de entrada | ANDALUCIA |
| 9 (RLIN) | 516 |
| 650 #0 - PUNTO DE ACCESO ADICIONAL DE MATERIA--TÉRMINO DE MATERIA | |
| Término de materia o nombre geográfico como elemento de entrada | COMUNIDADES AUTONOMAS |
| 9 (RLIN) | 344 |
| 650 #0 - PUNTO DE ACCESO ADICIONAL DE MATERIA--TÉRMINO DE MATERIA | |
| Término de materia o nombre geográfico como elemento de entrada | DIA INTERNACIONAL DE LOS TRABAJADORES |
| 9 (RLIN) | 39791 |
| 710 2# - ENTRADA AGREGADA--NOMBRE DE ENTIDAD CORPORATIVA | |
| Nombre de entidad corporativa o nombre de jurisdicción como elemento de entrada | UGT |
| Unidad subordinada | Andalucía |
| 9 (RLIN) | 5136 |
| 710 ## - ENTRADA AGREGADA--NOMBRE DE ENTIDAD CORPORATIVA | |
| Nombre de entidad corporativa o nombre de jurisdicción como elemento de entrada | CCOO |
| Unidad subordinada | Andalucía |
| 9 (RLIN) | 25875 |
| 856 ## - LOCALIZACIÓN Y ACCESO ELECTRÓNICOS | |
| Nota pública | |
| Identificador Uniforme de Recursos | <a href="https://docpublicos.ccoo.es/cendoc/071665PrimeroMayo2023ANDALUCIA.pdf">https://docpublicos.ccoo.es/cendoc/071665PrimeroMayo2023ANDALUCIA.pdf</a> |
| 942 ## - ELEMENTOS DE ENTRADA SECUNDARIOS (KOHA) | |
| Tipo de ítem Koha | Documento Electrónico |
| Fuente del sistema de clasificación o colocación | Clasificación Decimal Dewey |
| Suprimir en OPAC | No |
No items available.